| 000 | 01096cam a2200289 a 4500 | ||
|---|---|---|---|
| 001 | 78343 | ||
| 003 | BD-RjUL | ||
| 005 | 20211209083123.0 | ||
| 008 | 210913s1983 le b 001 0 ara d | ||
| 035 | _a(BD-RjUL)78569 | ||
| 040 |
_aIXA _cIXA _dOSU _dCUY _beng |
||
| 041 | _aara | ||
| 082 |
_223 _a892.71 _bMAD 1983 |
||
| 100 | 1 |
_aمعروف ، الرصافي ;; Maarouf, Al-Rusafi _d(1877-1945 _9247697 |
|
| 245 | 1 | 0 |
_aديوان الرصافي ;; Dīwān al-Ruṣāfī al-Balansī / _cمعروف الرصافي ;; Maarouf Al-Rasafi |
| 250 | _aal-Ṭabʿah 2., mazīdah wa-munaqqaḥah. | ||
| 260 |
_aالقاهرة :Bayrūt ; _aal-Qāhirah : _b المكتبة التجارية الكبرى،, _c1983. |
||
| 300 |
_av. ; ]575 p.] _c25 cm. |
||
| 490 | 1 |
_aDīwān al-shuʿarāʼ al-ʿArab ; _v3 |
|
| 500 | _aGlossary in footnotes. | ||
| 504 | _aIncludes bibliographical references) and indexes. | ||
| 650 |
_aArabic Poem _9247700 |
||
| 700 | 1 |
_aAl-mugarabi, Abdul Qadir _9247703 |
|
| 830 | 0 |
_aDīwān al-shuʿarāʼ al-ʿArab ; _v3. _9247699 |
|
| 942 |
_2ddc _cBK |
||
| 999 |
_c78343 _d78343 |
||